| Tag |
First Indicator |
Second Indicator |
Subfields |
| LEADER |
00000cgm a2200000Ia 4500 |
| 001 |
in00002425198 |
| 005 |
20151109163857.0 |
| 007 |
vd cvaizq |
| 008 |
071022p20071983nyu101 g vlspa d |
| 020 |
|
|
|a 1934121967
|
| 020 |
|
|
|a 9781934121962
|
| 028 |
4 |
2 |
|a ECL 028
|b Criterion
|
| 035 |
|
|
|a (OCoLC)ocn175307142
|
| 035 |
|
|
|a (OCoLC)175307142
|
| 040 |
|
|
|a WAU
|c WAU
|d WAU
|d VP@
|d WAU
|d TXA
|d UtOrBLW
|
| 041 |
1 |
|
|a spa
|j eng
|
| 043 |
|
|
|a e-sp---
|
| 049 |
|
|
|a TXAM
|
| 090 |
|
|
|a PN1995.9.F67
|b C3852 2007
|
| 130 |
0 |
|
|a Carmen (Motion picture : Emiliano Piedra Productions)
|
| 245 |
1 |
0 |
|a Carmen /
|c una producción Emiliano Piedra ; guión y coreografia, Carlos Saura, Antonio Gades ; con la colaboración de Television Española, S.A. ; director, Carlos Saura.
|
| 264 |
|
1 |
|a [Irvington, N.Y.] :
|b Criterion,
|c [2007]
|
| 300 |
|
|
|a 1 videodisc (101 min.) :
|b sound, color ;
|c 4 3/4 in.
|
| 336 |
|
|
|a two-dimensional moving image
|b tdi
|2 rdacontent
|
| 337 |
|
|
|a video
|b v
|2 rdamedia
|
| 338 |
|
|
|a videodisc
|b vd
|2 rdacarrier
|
| 490 |
1 |
|
|a Eclipse. Series 6, Carlos Saura's flamenco trilogy
|
| 538 |
|
|
|a DVD; NTSC; region 1; Dolby digital.
|
| 546 |
|
|
|a In Spanish with optional English subtitles.
|
| 511 |
1 |
|
|a Antonio Gades, Laura Del Sol, Paco De Lucía, Cristina Hoyos, Juan Antonio Jimenez, Sebastian Moreno, Jose Yepes.
|
| 508 |
|
|
|a Music, Paco de Lucia ; editor, Pedro del Rey ; photography, Teo Escamilla.
|
| 500 |
|
|
|a Inspired by the novel by Merimée and the opera by Bizet.
|
| 500 |
|
|
|a Originally produced in 1983.
|
| 520 |
|
|
|a The line between fantasy and reality dissolves when during intense rehearsals for a dance production of Carmen the director of the dance company and his young star find themselves living the "Carmen" story of love and treachery.
|
| 500 |
|
|
|a Videorecording.
|
| 650 |
|
0 |
|a Carmen (Fictitious character)
|v Drama.
|
| 650 |
|
0 |
|a Flamenco
|v Drama.
|
| 650 |
|
0 |
|a Flamenco dancers
|v Drama.
|
| 650 |
|
0 |
|a Theater rehearsals
|v Drama.
|
| 655 |
|
0 |
|a Foreign films.
|
| 655 |
|
7 |
|a Feature films.
|2 lcgft
|
| 655 |
|
0 |
|a Motion pictures, Spanish.
|
| 700 |
1 |
|
|a Piedra, Emiliano,
|e producer.
|
| 700 |
1 |
|
|a Saura, Carlos,
|d 1932-
|e director,
|e choreographer.
|
| 700 |
1 |
|
|a Gades, Antonio,
|d 1936-2004,
|e dancer,
|e actor,
|e choreographer.
|
| 700 |
1 |
|
|a Jiménez, Juan Antonio,
|e dancer,
|e actor.
|
| 700 |
1 |
|
|a Sol, Laura del,
|e dancer,
|e actor.
|
| 700 |
1 |
|
|a Hoyos, Cristina,
|e dancer,
|e actor.
|
| 700 |
1 |
|
|a Lucía, Paco de,
|e actor.
|
| 700 |
1 |
|
|a Hoyos, Cristina,
|e dancer.
|
| 710 |
2 |
|
|a Emiliano Piedra Productions.
|
| 710 |
2 |
|
|a Televisión Española.
|
| 710 |
2 |
|
|a Criterion Collection (Firm)
|
| 830 |
|
0 |
|a Eclipse (Criterion Collection (Firm)).
|n Series 6,
|p Carlos Saura's flamenco trilogy.
|
| 994 |
|
|
|a C0
|b TXA
|
| 948 |
|
|
|a cataloged
|b h
|c 2008/10/27
|d c
|e blrosas
|f 11:30:34 am
|
| 999 |
|
|
|a MARS
|
| 999 |
f |
f |
|s f7e471c0-7299-390b-ace9-9eef56a9d124
|i f3b4ba21-8322-3708-8438-2870f438a1bc
|t 0
|
| 952 |
f |
f |
|p dvd
|a Texas A&M University
|b College Station
|c Sterling C. Evans Library
|d Evans: Media and Reserves (Annex 1st floor)
|t 0
|e PN1995.9.F67 C3852 2007
|h Library of Congress classification
|i video -- videodisc
|m A14837372477
|
| 998 |
f |
f |
|a PN1995.9.F67 C3852 2007
|t 0
|l Evans: Media and Reserves (Annex 1st floor)
|